000 01552cam a22004454i 4500
003 PE-LiUPU
005 20250731172917.0
008 150617s1985 xxu r 000 0 spa d
035 _a(Sirsi) a18959
040 _aPE-LiUPU
_bspa
_cPE-LiUPU
_erda
049 _aPRUA
082 0 4 _a281.2
_bE11
_221
100 1 _aEarle, Ralph,
_eautor.
245 1 0 _aConozca la Iglesia Primitiva /
_cRalph.
264 1 _aKansas :
_bCasa Nazarena de Publicaciones,
_c[1985 ].
300 _a96 páginas ;
_c19 centímetros
336 _atext
_2rdacontent
337 _aunmediated
_2rdamedia
338 _avolume
_2rdacarrier
505 0 _aLlenos del Espíritu Santo -- No hay otro nombre -- Esparcidos a otras partes -- Bernabé y Saulo -- Macedonia -- Jerusalén -- Cesarea -- Roma.
526 _aSEG42
526 _aSEG41
526 _aSEG40
526 _aSEG39
526 _aP94
526 _aP87
526 _aP86
526 _aP85
526 _aP77
526 _aP76
526 _aP35
650 0 4 _aIglesia primitiva cristiana.
910 _ajck
_bjvq
_cjck
_d20150616
942 _2ddc
_cBOOK
949 _a281.2 E11
_wDEWEY
_c1
_i20862
_lCCODEBUL1
_mBUL
_p20.00
_r0
_sY
_tBOOK
_u19820920
_xTEOLOGIA
_PP35
_0COMPRA
_o.STAFF. Colección Teología
994 _aC0
_bPEPRU
596 _a1
999 _a281.2 E11
_wDEWEY
_c18708
_i20862
_d18708
_e2018-4-23
_f2021-11-11
_g5
_lCCODEBUL1
_mBUL
_n2
_p20.00
_q1
_r0
_sY
_tBOOK
_u2015-6-17
_xTEOLOGIA
_PP35
_0COMPRA
_o.STAFF. Colección Teología
980 _81
_gALBERTO SANCHEZ Responsable de Automatización